000 00790nam a22002297a 4500
999 _c17221
_d17221
003 AR-CdUCM
008 190507b ||||| |||| 00| 0 spa d
040 _aMUNICIPALIDAD PROVINCIAL DEL CUSCO
_cBIBLIOTECA MUNICIPAL DEL CUSCO
082 _a801.08 /
_bA29
_2Quinta
100 _aDe Agramonte, Alberto
_937103
245 _aLas más bellas poesías /
260 _aChile :
_bZig zag ;
_c1943.
300 _a475 páginas,
_c20 cm.
440 _aColeccione poesías
_937104
505 _aContenido : Romancero español -- El prisionero -- La fe del ciego -- Romance de un galán de esta villa...
650 _aSelección de poesías
_937105
650 _aPoesía
_9139
650 _aPoesía lírica
_911722
650 _aPoesía dramática
_937106
942 _2ddc
_cLIBROS
945 _arcc